00988nam a2200277 4500001000700000003000900007005001700016007000300033008004100036100003400077245007200111260003400183300002000217505014200237700002800379740001200407740001400419740002000433740003200453740002900485740001600514740001600530852002300546999001900569952012200588121409ES-MaACL20250918063033.0t|070214s1930 sp r ||||1| cat d1 aMolière, d1622-167398187310aObras de Molière / cMolière ; traducción de Alfonso Maseras. aBarcelona : b[s.n.], c1930. a2 v. ; c22 cm.8 aContiene: Vol. I. Tartuf. Don Juan. El misántrop. Vol. II. Les trapelleries de Scapin. Le casamant per força. La Sicilia. L'Atabalat.1 aMaseras, Alfons.9787050 aTartuf.0 aDon Juan.0 aEl misántrop.0 aLes trapelleries de Scapin.0 aLe casamant per força.0 aLa Sicilia.0 aL'Atabalat. aES-MaACLjA-258-59 c121409d121409 00104070aATENEOMbATENEOMcSPP1d2008-01-17eSCl0oA-258-59p1126528r2023-02-23 00:00:00w2023-02-23yMONOGRAFIA